[Event "Groningen Festival (Women)"]
[Site "Groningen"]
[Date "1998.12.29"]
[Round "9"]
[White "Socko, Monika"]
[Black "Darchia, Diana"]
[Result "1-0"]
[WhiteElo "2470"]
[BlackElo "2445"]
[Annotator "Alterman,B"]
[PlyCount "69"]
[EventDate "1998.12.20"]
[EventType "tourn"]
[EventRounds "10"]
[EventCountry "NED"]
[EventCategory "9"]
[SourceTitle "CBM 069"]
[Source "ChessBase"]
[SourceDate "1999.04.01"]
[SourceVersion "1"]
[SourceVersionDate "1999.04.01"]
[SourceQuality "1"]

1. Nf3 c5 2. c4 g6 3. e4 Bg7 4. d4 cxd4 5. Nxd4 Nc6 6. Be3 Nf6 7. Nc3 Ng4 8.
Qxg4 Nxd4 9. Qd1 Ne6 10. Be2 Qa5 (10... Bxc3+ $1 11. bxc3 Qa5 12. O-O d6 $13 (
12... Qxc3 13. c5 $44)) (10... d6 11. O-O O-O (11... Bd7 12. Qd2 a5 13. Nd5 Nc5
14. f3 Bc6 15. Rab1 O-O 16. Bg5 Re8 17. Rfe1 b6 18. Bf1 Ra7 19. b3 Qb8 20. Qf2
Rb7 21. Qh4 {1/2-1/2 Kotter,R-Schmitz,J/BL2-W qual 1991/TD 91\01 (42)}) 12. f4
b6 13. Rc1 Bb7 14. Bf3 Bc6 15. Qc2 Nd4 16. Qd1 Nxf3+ 17. gxf3 Qd7 18. Rf2 f5
19. Re2 fxe4 20. Nxe4 Bh6 21. Qd2 Rf7 22. Rf1 Raf8 23. f5 Bxe3+ {0-1 Abdul
Majeed,N-Vescovi,G/WchJ-U18 Singapore 1990/EXT 90ch (35)}) 11. Bd2 $5 $146 (11.
Qd2 d6 (11... b6 12. O-O (12. f4 Bb7 13. Rd1 Bxc3 14. bxc3 d6 15. Bf3 f5 16.
O-O Rc8 17. c5 Nxc5 18. Bd4 Rf8 19. exf5 Bxf3 20. Rxf3 gxf5 21. Rh3 Rf7 {
0-1 Ricetto,A-Garcia,H/Piriapolis 1977/MCD-r7 (32)}) 12... Bb7 13. f3 (13. Rad1
d6 14. f3 g5 15. a3 Qe5 16. Rc1 h5 17. b4 h4 18. Nd5 Rd8 19. a4 Nd4 20. Bd1 Ne6
21. Rc2 Rc8 22. Rc1 Rg8 23. a5 bxa5 24. bxa5 {0-1 Szylar,E-Corrigan,F/Cannes
Martinez op 1995/EXT 97 (46)}) 13... g5 14. Rab1 (14. Rfd1 d6 15. a3 Qe5 16.
Rab1 h5 17. Nd5 h4 18. Qb4 Kf8 19. Qa4 Nf4 20. Bf1 Nxd5 21. cxd5 Bf6 22. Ba6
Bxa6 23. Qxa6 Kg7 24. Rdc1 {1/2-1/2 Senff,M-Fleuren,J/Goch op 1992/EXT 97 (30)}
) 14... Bxc3 15. bxc3 Bc6 16. Rfd1 f6 17. Qb2 h5 18. Rd5 Bxd5 19. exd5 Nf4 20.
Bf1 Kf7 21. Qd2 h4 22. Rb5 Qa3 23. c5 Rac8 24. Rb3 Qa5 25. Rb5 Qa3 26. Rb3 {
1/2-1/2 Krug,P-Guth,T/OLNO9697 1997/EXT 97}) (11... g5 12. h4 Nf4 13. Bf3 h6
14. hxg5 hxg5 15. Rxh8+ Bxh8 16. Bd4 Be5 17. O-O-O d6 18. g3 Ne6 19. Bxe5 Qxe5
20. Qd5 Qxd5 21. exd5 Nc7 22. Rh1 Bf5 23. Be4 Bxe4 24. Nxe4 f6 25. Rh8+ {
1/2-1/2 Grabics,M-Torok,J/Harkany op 1993/EXT 93op (31)}) 12. O-O g5 13. Rfd1
Be5 14. g3 Bd7 15. Nd5 Qxd2 16. Rxd2 Bc6 17. Rc1 h5 18. b4 b6 19. c5 bxc5 20.
bxc5 Kd7 21. Nxe7 Kxe7 22. cxd6+ Kd7 23. f3 h4 24. Kg2 hxg3 25. hxg3 {0-1
Helbich,J-Kohlman,R/SVK-chT2 1997/EXT 97 (33)}) (11. O-O b6 12. Nd5 Bxb2 13.
Bd2 Qc5 14. Rb1 Bf6 15. Bb4 Qc6 16. e5 Bxe5 17. Bf3 Nd4 18. Re1 Nxf3+ 19. Qxf3
f6 20. Bxe7 {1-0 Ivanov,M-Holmsten,A/Jyvaskyla op2 1996/EXT 97}) 11... Qe5 12.
O-O g5 13. Rc1 b6 (13... d6 14. b3 $16) {[%tqu "En","Find the best move.","",
"","c3d5","",10,"b2b3","",0]} 14. Nd5 $1 {[%cal Gd5e7,Gd2c3]} (14. b3 Bb7)
14... Qxb2 (14... Bb7 15. Bc3 Qxe4 (15... Qb8 16. Bxg7 Nxg7 17. c5 $16)) 15.
Bg4 Kd8 16. Bb4 Nc5 (16... d6 17. Nxe7 Kxe7 (17... Qxb4 18. Nc6+) 18. Qxd6+ Kf6
19. Bc3+ $18) 17. Rc2 Qd4 (17... Qe5 18. Bc3) 18. Rd2 Qxc4 (18... Qxe4 19. Bf3
Qxc4 20. Bxc5 Qxc5 21. Nxe7 $16) 19. Be2 Qxe4 20. Bf3 Qc4 21. Bxc5 Qxc5 22.
Nxe7 (22. Rc2) 22... Qxe7 23. Bxa8 $16 Re8 (23... Be5 $142 24. Qa4 d6 25. Rfd1)
24. Bc6 $6 (24. Qh5 h6 (24... Ba6 25. Bc6 Bxf1 26. Rxd7+ Qxd7 27. Bxd7 Re1 28.
Qxg5+ f6 29. Qd2 $18) 25. Bd5 $2 Ba6 $1 26. Bc6 Bxf1 27. Rxd7+ Qxd7 28. Bxd7
Re1 $19) (24. Qa4 a5 25. g3 $16) 24... Bc3 25. Rd3 Bb4 26. Qg4 (26. g3 $142)
26... Bc5 $44 27. h4 $6 (27. Qf5 f6) 27... Kc7 $1 (27... Rg8 28. Bxd7 Bxd7 29.
Rfd1 $18) (27... gxh4 28. Bxd7 Bxd7 29. Rfd1 $18) 28. Bb5 a6 (28... gxh4 $1)
29. Ba4 b5 30. Rc1 bxa4 $4 (30... d6 $1 31. Qg3 Kb6 32. Bb3 gxh4 $13) 31. Re3
Qxe3 32. fxe3 d6 33. Qxg5 Bb7 34. Qf4 Kc8 35. Qxd6 1-0

[Event "RUS-Cup03 Geller Memorial"]
[Site "Moscow"]
[Date "1999.02.08"]
[Round "7"]
[White "Evelev, Vladimir M"]
[Black "Panikarovsky, A."]
[Result "1-0"]
[WhiteElo "2327"]
[BlackElo "2407"]
[Annotator "Alterman,B"]
[PlyCount "65"]
[EventDate "1999.02.10"]
[EventType "swiss"]
[EventRounds "9"]
[EventCountry "RUS"]
[SourceTitle "CBM 070"]
[Source "ChessBase"]
[SourceDate "1999.06.08"]
[SourceVersion "1"]
[SourceVersionDate "1999.06.08"]
[SourceQuality "1"]

1. e4 c5 2. Nf3 Nc6 3. d4 cxd4 4. Nxd4 g6 5. c4 Bg7 6. Be3 Nf6 7. Nc3 Ng4 8.
Qxg4 Nxd4 9. Qd1 Ne6 10. Rc1 d6 11. b4 a5 (11... Bd7 12. Be2 Bc6 13. Qd2 b6 14.
O-O O-O 15. Nd5 Qd7 16. f4 f5 17. exf5 gxf5 18. Bf3 Rac8 19. Bf2 Nd8 20. Bh4
Bxd5 21. cxd5 Bf6 22. Bxf6 Rxf6 23. Rxc8 {1-0 Smejkal,J-Mandl,R/BL8687 1987/BL
80 (37)}) (11... O-O 12. Bd3 (12. Qd2 a5 (12... b6 13. Bd3 Bb7 14. O-O Rc8 15.
Nd5 Re8 16. a4 Nd4 17. Rb1 e6 18. Nc3 d5 19. exd5 exd5 20. Nxd5 Bxd5 21. cxd5
Qxd5 22. Rfd1 Red8 23. h3 Rc3 24. Bf1 {1/2-1/2 Kasparov,G-Kupper,J/Zuerich sim
1988/EXT 88b (27)}) 13. a3 axb4 14. axb4 Ra3 15. Be2 Rb3 16. Nd5 Rb2 17. Qd3
Re8 18. O-O Nc7 19. Rb1 Nxd5 20. cxd5 Ra2 21. Qc4 Ra3 22. Rfc1 e6 23. Rd1 Be5
24. Rd3 exd5 25. Qxd5 Rxd3 26. Qxd3 Qh4 27. g3 Qe7 28. Rd1 Bh3 29. b5 {Vukic,
M-Velimirovic,D/Banja Luka 1983/MCL 08/1/2-1/2 (74)}) 12... a5 (12... b6 13.
O-O Bb7 14. Bb1 (14. f4 Qd7 15. f5 Nc7 16. Qd2 Rad8 17. Bh6 Bd4+ 18. Kh1 Rfe8
19. Rf3 b5 20. Rcf1 Bf6 21. Bg5 bxc4 22. fxg6 hxg6 23. Bxf6 cxd3 24. Bg7 Qg4
25. Rxf7 {0-1 Williams,L-Vardi,I/Quebec 1978/EXT 97 (36)}) 14... Rc8 15. Nd5
Nc7 16. Qd2 Nxd5 17. exd5 Rc7 18. Bd4 Bxd4 19. Qxd4 Qa8 20. f3 Rfc8 21. Rfd1
$16 {Petursson,M-Orseth,D/Kringsja Oslo 1978/MCD-r7/0-1 (69)}) 13. a3 axb4 14.
axb4 Bd7 15. O-O {1/2-1/2 Veroci,Z-Skembris,S/Banja Luka 1987/EXT 87} (15. O-O
f5 16. exf5 gxf5 17. Nd5 Ra3 18. Re1 Kh8 19. Bb6 Qe8 20. Be2 Rg8 21. f4 Bh6 22.
Qd2 Rh3 23. Rc3 Rh4 24. Rf3 Bc6 25. Be3 Qg6 26. Rg3 Qf7 27. Rxg8+ Qxg8 28. Bf3
$16 {1-0 Lau,R-Kaiser,W/BL8788 1988/BL 80 (33)})) (11... b6 12. Be2 Bb7 13. Nd5
O-O 14. O-O Nc7 15. Qd3 e6 16. Nxc7 Qxc7 17. Rfd1 Rfd8 18. Bf4 Bf8 19. c5 bxc5
20. bxc5 Qc6 21. cxd6 Qxe4 22. Qxe4 Bxe4 23. d7 Bd5 24. Bb5 a6 25. Ba4 Bxa2 26.
Bc6 {1-0 Treppner,G-Holfelder,H/Wittlich 1983/GER 05}) 12. a3 Bd7 13. Be2 axb4
14. axb4 Ra3 15. Nd5 O-O 16. Bb6 (16. O-O Bc6 17. Qd2 Re8 18. Kh1 Qa8 19. f4
Ra2 20. Rc2 Rxc2 21. Qxc2 Bxd5 22. exd5 Nd4 23. Bxd4 Bxd4 24. Qe4 Bf6 25. c5
Qa4 26. c6 bxc6 27. dxc6 Rc8 28. Rc1 Bb2 29. Qc2 Qa3 30. Rb1 Bd4 31. Qe4 Qc3
32. b5 Kf8 33. Rd1 Bc5 $132 {Bragin,A-Kulikov,V/RUS-sf Briansk 1995/EXP 49/0-1
(56)}) 16... Qe8 17. O-O Ba4 18. Qd2 $16 {[%csl Ra3,Ra4]} Bc6 19. f4 {[%cal
Rf4f5]} Bh6 20. g3 f5 21. exf5 gxf5 22. Rfe1 {[%csl Re7][%cal Ge1e8]} Qf7 23.
c5 {[%csl Rd5][%cal Gc6h1,Gh6c1,Ga3g3]} (23. Bf1 $1 $16) 23... Qg7 $1 {[%cal
Ra3g3]} (23... Rfa8 24. Bc4 $18) 24. Kf2 Kh8 25. cxd6 exd6 26. Bc4 Bxf4 $2 {
[%mdl 8192]} (26... Re8 27. b5 $5 (27. Ne3 Nxf4 28. gxf4 Re4 $44) 27... Bd7 28.
Ne3 Nxf4 29. gxf4 Bxf4 30. Bd4 Be5 (30... Re5 31. Rg1 $18) 31. Rcd1 f4 $44) 27.
gxf4 Rh3 28. Rh1 Rg8 29. Ke1 Qg4 30. Rf1 Re8 31. Be2 Qg2 32. Rg1 $18 {[%cal
Gg1g8,Rd2b2]} Qxd5 33. Qb2+ 1-0

[Event "EU-chT (Men) 12th"]
[Site "Batumi"]
[Date "1999.12.05"]
[Round "7.4"]
[White "Reinderman, Dimitri"]
[Black "Aronian, Levon"]
[Result "1/2-1/2"]
[WhiteElo "2525"]
[BlackElo "2518"]
[Annotator "Alterman,B"]
[PlyCount "143"]
[EventDate "1999.11.06"]
[EventType "team-swiss"]
[EventRounds "9"]
[EventCountry "GEO"]
[SourceTitle "CBM 074"]
[Source "ChessBase"]
[SourceDate "2000.02.01"]
[SourceVersion "1"]
[SourceVersionDate "2000.02.01"]
[SourceQuality "1"]
[WhiteTeam "Netherlands"]
[BlackTeam "Armenia"]
[WhiteTeamCountry "NED"]
[BlackTeamCountry "ARM"]

1. e4 c5 2. Nf3 Nc6 3. d4 cxd4 4. Nxd4 g6 5. c4 Bg7 6. Be3 Nf6 7. Nc3 Ng4 8.
Qxg4 Nxd4 9. Qd1 Ne6 10. Rc1 Qa5 11. Be2 (11. a3 $5 b6 12. Bd3 g5 (12... Bb7
13. O-O O-O (13... h5 14. f4 Rc8 15. e5 g5 16. b4 Qxa3 17. Nb5 Qxb4 18. Rb1 Qa5
19. Ra1 Qb4 20. Ra4 Qb2 21. Rf2 $18 {Dautov,R-Becker,M/Halle-B 1987/1-0 (49)})
14. Rc2 f5 15. Nd5 Rae8 16. f4 $14 {1-0 Dolmatov,S-Sriram,J/Calcutta op 1996 
(44)}) 13. O-O Bb7 14. Rc2 Bxc3 (14... Qe5 15. Nd5 $14) 15. Rxc3 Qe5 16. Re1 h5
(16... Bxe4 17. Bd2 Nc5 18. f3 Nxd3 19. Rxd3 $18) 17. Bd2 Rh6 (17... Nc5 18. b4
$1 Nxd3 19. Rxd3 $16 {[%csl Rd7,Rg5][%cal Gd2c3]}) 18. b4 $5 $14 (18. h4 $6
$132 {1-0 Leko,P-Piket,J/Tilburg 1997/CBM 61/ (30)})) 11... b6 12. Qd5 Rb8 (
12... Qxd5 13. exd5 (13. cxd5 Nc5 (13... Nd4 14. Bc4 (14. Bd3 Bb7 15. Kd2 $14)
14... Bb7 15. Kd2 (15. O-O Rc8 16. b3 (16. b3 e6 17. dxe6 dxe6 18. Rfd1 Nc6 19.
Nb5 Be5 20. f4 (20. Bh6 a6 21. Nd6+ Bxd6 22. Rxd6 b5 23. Be2 $14 {1/2-1/2
Janssen,R-Kalod,R/Calicut IND 1998 (67)}) 20... Bb8 21. Nd6+ Bxd6 22. Rxd6 Ke7
23. e5 Rhd8 24. Rxd8 $14)) 15... e6 (15... Rc8 16. Kd3 e5 17. Bxd4 exd4 18. Nb5
$16) 16. Kd3 (16. Rhd1 Rc8 $132 {0-1 Ribli,Z-Rogers,I/Deutschland 1995/Inf 64/
[Rogers,I] (40)}) 16... exd5 17. Nxd5 (17. Bxd5 Nc6 18. Kc2 Nb4+ 19. Kb1 Nxd5
$11) 17... Ne6 18. Kc2 Rc8 19. Kb1 Nc5 20. f3 Na4 21. Bb5 $14) 14. f3 (14. O-O
Bxc3 15. Rxc3 Nxe4 16. Rc7 f6 17. Rfc1 Kf7 18. Kf1 $14) 14... a5 15. d6 e6 16.
O-O O-O 17. Rfd1 f5 18. exf5 Rxf5 19. Bb5 $14 {1/2-1/2 Dur,A-Plachetka,J/
OST-BL 1991/Inf 90 (42)}) 13... Nd4 14. Bd3 Bb7 15. O-O O-O 16. Rfd1 Nf5 17.
Bg5 $14 {0-1 Uhlmann,W-Sievers,S/BL 1990 (59)}) 13. O-O (13. Qxa5 bxa5 14. b3
Bd4 15. Bxd4 Nxd4 (15... Nxd4 {1/2-1/2 Hergott,D-Donaldson,J/Hertogenbosch NED
1999 (15)}) 16. e5 Rf8 17. Bd3 f6 18. exf6 Rxf6 19. O-O $14 {1/2-1/2 Nijboer,
F-Reinderman,D/Rotterdam 1999/CBM 72/ (67)}) 13... Nc5 14. f3 $6 (14. Rfd1 $5
d6 15. Qd2 (15. Bd4 O-O 16. Bxg7 Kxg7 17. Rb1 Nb7 18. b4 Qxd5 19. cxd5 (19.
Nxd5 Re8 20. Rd2 $14) 19... Bd7 20. Bb5 Rfc8 (20... Bxb5 21. Nxb5 a5 22. a3 (
22. bxa5 Nxa5 23. Rdc1 $14) 22... axb4 23. axb4 Rfc8 24. Rdc1 Kf6 25. f4 g5 26.
g3 gxf4 27. gxf4 e5 28. f5 Rg8+ 29. Kf2 Rg4 30. Rc6 Rxe4 31. Rxb6 Rh4 32. Nxd6
$16) 21. Bxd7 Rxc3 22. Rdc1 Rxc1+ 23. Rxc1 a5 24. a3 axb4 25. axb4 Ra8 26. Bc6
Ra7 27. f4 Nd8 28. Bb5 $14) 15... Bb7 (15... Bxc3 16. Rxc3 Nxe4 17. Qd4 Qe5 (
17... Nf6 18. Ra3 Qc5 19. Rxa7 $14) 18. Qxe5 dxe5 19. Ra3 $14) 16. f3 $14)
14... d6 15. Qd2 Na4 $1 {After NN change the attacking potential white is
reduced.} 16. Nxa4 Qxa4 17. b3 Qc6 18. Bd3 (18. Rfd1 O-O 19. b4 Bd7 (19... Bb7
20. c5 dxc5 21. bxc5 bxc5 (21... b5 22. Qd7 $16 {[%csl Rb5,Re7]}) 22. Bxc5 Qf6
23. Bxa7 Ra8 24. Bc5 $16) 20. c5 (20. Bd3 Rfc8 21. f4 Qb7 22. Rf1 Bc6 $11)
20... bxc5 21. bxc5 Rb2 22. Qe1 dxc5 23. Bxc5 Rc8 24. Bxa7 Qb7 25. Rxc8+ Qxc8
26. a3 Bc3 27. Qf2 (27. Qf1 Ra2 28. Rb1 Qc7 29. Bb6 Qd6 30. Bc4 Rxa3 $11) 27...
Bb5 28. Bxb5 Rxf2 29. Bxf2 $14) 18... Bb7 19. a4 O-O 20. a5 (20. f4 $5 {
[%cal Gf4f5]}) 20... Bc8 21. b4 (21. axb6 axb6 22. Rfd1 Bd7 (22... Ra8 $2 23.
e5 $1 d5 24. Bd4 $16) 23. b4 Rfc8 24. Qf2 $14) 21... bxa5 22. b5 Qc7 23. Rc2 (
23. c5 dxc5 24. Rxc5 Qd6 25. Rd1 Bd4 26. Rc6 Qb4 27. Bxd4 Qxd4+ 28. Qf2 (28.
Kh1 Bd7 $15) 28... Qxf2+ 29. Kxf2 Rd8 $15) 23... e6 (23... Be6 24. Rfc1 Rfc8
25. c5 (25. Ra2 Rxb5 $1 $19) 25... dxc5 26. Rxc5 Qd6 27. Rxc8+ Rxc8 28. Rxc8+
Bxc8 29. Bxa7 Bd4+ 30. Bxd4 Qxd4+ 31. Kf1 a4 32. Qc2 Bd7 33. Ke2 a3 (33... Qg1
34. Qxa4 Qxg2+ 35. Ke3 Qg1+ 36. Ke2 Qxh2+ 37. Ke3 Qg1+ 38. Ke2 Bh3 (38... Qb6
39. Qa6 $44) 39. Qd1 Qb6 40. Qc1 h5 41. Qe3 $44) 34. Bc4 e5 (34... Qg1 35. Kd3
Qxh2 36. Kc3 Qe5+ 37. Kb4 Qb2+ 38. Qxb2 axb2 39. Ba2 $11) 35. Qb3 Qb2+ 36. Qxb2
axb2 37. Ba2 Bxb5+ 38. Kd2 Bf1 39. g3 Bg2 40. Kc3 Bxf3 41. Bb1 Kg7 (41... Kf8
42. Kxb2 Ke7 43. Kc3 Kd6 44. Kd3 Kc5 45. Ke3 Bg4 46. Bd3 Kb4 47. Kd2 Be6 48.
Ba6 f6 49. Be2 Bc4 50. Bd1 $44) 42. Kxb2 Kh6 43. Kc3 Kg5 44. Kd2 Kg4 45. Ke3
Bg2 46. Kf2 Kh3 47. Kg1 f6 48. Bc2 $11) 24. Ra2 d5 $2 $16 {Terrible move.White
receive advantage in several ways.} (24... a6 $1 25. Rc1 (25. b6 Rxb6 26. Bxb6
Qxb6+ 27. Kh1 Qb4 28. Rb1 Qxd2 29. Rxd2 Bc3 $44) 25... axb5 26. cxb5 Qd8 27.
Rxa5 f5 $14) 25. Qxa5 (25. exd5 exd5 26. cxd5 Bc3 27. Qf2 Rd8 28. Bxa7 Rb7 29.
Be3 (29. Bd4 Bxd4 30. Qxd4 Rxd5 $1 31. Qxd5 Be6 32. Qc6 Bxa2 33. Be4 Qxc6 34.
bxc6 Rc7 35. Ra1 Be6 36. f4 (36. Rxa5 f5 $11) 36... Ra7 37. Kf2 Kf8 38. Ke3 Ke7
$11) 29... Rb8 (29... Rxd5 30. b6 Qd6 31. Be4 Rh5 32. g4 $18) 30. b6 Qe5 31.
Rc1 Rxd5 32. Be4 Rd8 33. Rac2 Bb4 34. g3 $16) 25... Qxa5 26. Rxa5 a6 $5 (26...
dxc4 27. Bxc4 $16) (26... dxe4 27. Bxe4 $16) 27. bxa6 $2 $44 {Not noticing a
following move of black...} (27. cxd5 axb5 28. Rxb5 $16) (27. exd5 axb5 28.
cxb5 exd5 29. Rb1 Re8 30. Kf2 Be5 31. b6 $16) 27... Bxa6 $1 (27... Rb3 28. a7
Bb7 29. Rb1 Rxb1+ 30. Bxb1 dxc4 31. Rc5 $16) 28. Rxa6 Rb3 29. Rd1 (29. Bc5 Rc8
30. Ra3 Rxd3 31. Rxd3 dxc4 32. Rd7 Rxc5 33. Rd8+ Bf8 $44) 29... dxc4 30. Bc5
cxd3 31. Bxf8 Bd4+ 32. Kh1 (32. Kf1 Kxf8 33. Rd6 e5 34. f4 Rb2 (34... Ke7 35.
fxe5 Bxe5 36. R6xd3 Rb4 (36... Rxd3 37. Rxd3 Bxh2 38. g3 $18) 37. Re1 Bxh2 38.
Rh3 Be5 39. Rxh7 $14) 35. Rxd3 (35. Rxd4 exd4 36. Rxd3 Rb4 $11) 35... Rf2+ 36.
Ke1 Rxf4 $11) 32... Kxf8 33. f4 (33. Rd6 e5 $11) 33... Ke7 34. g3 h5 (34... f6
35. Ra2 Be3 36. Kg2 g5 $44) 35. Ra2 Be3 36. Kg2 g5 $2 $16 {[%csl Rh5] Black
takes "a revenge"} (36... e5 $142 37. fxe5 Ke6 38. Kf3 d2 39. Ke2 Kxe5 40. Rf1
Bh6 $44) 37. fxg5 Bxg5 38. Ra5 Bf6 (38... Kf6 39. h4 Bh6 40. Rxh5 $16) 39. Rxh5
Bd4 40. Kf3 (40. h4 $16) 40... Kf6 41. Ra5 Kg6 (41... d2+ 42. Ke2 Be3 43. h4
$16) 42. Ra8 (42. e5 d2+ 43. Ke2 Bc3 44. Rc5 Bd4 45. Rc6 Bc3 46. Rf1 $16) 42...
Bg7 43. Rg8 (43. h4 d2+ 44. Kf2 Bd4+ 45. Kg2 (45. Ke2 Rxg3 46. Rg8+ Bg7 47.
Rxd2 Rh3 48. Rd1 Kh7 49. Rgd8 Rxh4 $11) 45... Rd3 46. g4 $16) 43... Kh7 44. Rd8
d2+ 45. Ke2 Bh6 46. Rf1 Kg6 47. Rd7 (47. Rf3 $2 Rb4 $44) 47... Rb4 (47... f6
48. Rd6 Kf7 49. e5 (49. Rf3 Rb4 $44) 49... f5 50. Rd7+ (50. g4 Rb5 (50... Rh3
51. gxf5 Rxh2+ 52. Kd3 exf5 53. Rf6+ Ke7 54. R6xf5 Ke6 55. Rf6+ $16) 51. gxf5
Rxe5+ 52. Kd1 Rc5 53. fxe6+ Ke7 54. Rd3 Kxe6 $14) 50... Kg6 51. Re7 Re3+ (51...
Rb6 52. g4 fxg4 53. Rf6+ Kh5 54. Rh7 $18) 52. Kxd2 Rxe5+ $16) 48. Kd3 Rb5 49.
g4 $2 $44 {[%csl Rf4,Rg5,Rh4] As such can come in a head ?} (49. h4 $1 Rb3+ 50.
Kc2 Rxg3 51. Rdxf7 Kh5 (51... Rg4 52. R1f6+ Kh5 53. Rxe6 Rg1 54. Rf5+ $18) 52.
R7f6 Rg4 53. Rxe6 Rxh4 54. Kd1 $16) 49... Bg5 50. h4 Bxh4 51. Kxd2 Bf6 $1 52.
Ke3 Rb3+ 53. Rd3 Rb5 54. Kf3 Bg7 55. Rc1 Bf6 56. Rc7 Be5 57. Ra7 Rb1 58. Rdd7
Rf1+ 59. Ke2 Rf4 60. Ke3 Rf1 61. Ra2 Rg1 62. Rf2 f6 63. Re2 Rg3+ 64. Kf2 Kg5 (
64... Rxg4 65. Re7 Kg5 66. Rxe6 Kf4 67. Re8 Rh4 $11) 65. Re7 Kf4 66. Rxe6 Rxg4
67. Ra6 Rg3 68. Ra4 Rf3+ 69. Ke1 Re3 70. Kd2 Rxe2+ 71. Kxe2 f5 72. exf5+
1/2-1/2